| 000 | 00385nam a2200145Ia 4500 | ||
|---|---|---|---|
| 008 | 230917s9999||||xx |||||||||||||| ||und|| | ||
| 040 |
_e62946 _aMAIN |
||
| 041 | _aEnglish | ||
| 082 | _a658.4 G522B | ||
| 100 | _aGlueck, William F | ||
| 245 | 0 | _aBusiness policy: Strategy, formation and management action | |
| 260 |
_aNew York _bMcGraw-Hill _c1976 |
||
| 300 | _a686 p. | ||
| 942 | _cBK | ||
| 999 |
_c149010 _d149010 |
||